| 000 | 00931nam a22002177a 4500 | ||
|---|---|---|---|
| 005 | 20171129124403.0 | ||
| 010 | _aUR-9881 | ||
| 020 | 6 | _c60.00 | |
| 035 | _aU-8436 | ||
| 037 | _bDBAD/PUB | ||
| 082 | _a270 | ||
| 100 | _aمو لا نا صد ر ا لد ین ا صلا حی | ||
| 245 |
_a قر آ ن مجید کا تعار ف _cمو لا نا صد ر ا لد ین ا صلا حی |
||
| 246 |
_b _aQuran Majeed Ka Taruf |
||
| 250 | _aby Moulana Sadaruddin Islahi | ||
| 260 |
_a نئی د لی _bMerkazi Maktaba Islami Publishers _c2013 |
||
| 270 |
_aD307,Dawat Nagar,Abul Fazal Enclave,Jamia Nagar , _b New Delhi _e110025 _k01126971652 _l- |
||
| 300 |
_a144ص _c22 Cm.(B.b) |
||
| 500 | _aدو حصہ | ||
| 942 |
_2ddc _cUR _h270 _mق ر آ _e |
||
| 999 |
_c147116 _d147116 |
||